MDQL
is popping MORE tags! Check the
thread
!
Quizzes
Events
Quiz Creation
Community
Videos
Private Events
Remove Ads
Sign In
Join for FREE
Feedback
Dark Mode
Quiz Categories
Sports
Geography
Music
Movies
Television
Just For Fun
Miscellaneous
History
Literature
Language
Science
Gaming
Entertainment
Religion
Holiday
For Kids
Quiz Lab
Recent
Popular Today
Quiz Kudos Today
Editor Picks
Curator Picks
Quizzes by...
Day
Popularity
Type
Ratings
Length
Year
Community
Subscriptions
Recent Discussions
Orange Saloon
Badges
Playlists
Quests
Create
Leaderboards
Showdown
Live 5
Trivia Bingo
Activity
Puzzle Library
Sporcle Events
Private Events
Virtual Trivia
Globe League
Become a Host
Pub Owners
SporcleCon
Opinionation
Our Games
Videos
Blog
Mobile Apps
Partnerships
Remove Ads and Go Orange
Feedback
History
US Presidents
World Leaders
Politics
Nation
Discovery
War
Decade
Year
Century
Biography
Art
History
US Presidents
World Leaders
Politics
Nation
Discovery
War
Decade
Year
Century
Biography
Art
Random Quiz
Search Sporcle
×
Quiz Lab
Quiz Lab
History
Politics
Type in answers that appear in a list
Type in answers that appear in a list
Classic
Best Score? Go Orange.
Political Science Vocabulary Stats
Can you name the Political Science Vocabulary?
By
bermstien
10m
30 Questions
536 Plays
536 Plays
536 Plays
Comments
Comments
Give Quiz Kudos
Give Quiz Kudos
-
- Ratings
hide this ad
Forced Order
Answers have to be entered in order
Answers have to be entered in order
Random Order
Randomize order of answers
Randomize order of answers
Replay
Link that replays current quiz
Next Quiz
Link to next quiz in quiz playlist
You Got
0%
They Got
Avg Score
31%
Avg Friend Score
Upgrade to see
Score Distribution
Jump to the score distribution portion of the page
Score
0/30
Timer
10:00
0
Plays Today
Defenition
Answer
% Correct
king or queen
monarch
63.8%
the love for ones country
patriotism
61.6%
any change in the constitution
amendment
58.6%
the first ten amendments to the Constitution
bill of rights
58.6%
a government in which citizens hold the power to rule
democracy
53%
the opening section of the constitution
preamble
50.7%
a system in which each branch of government is able to check, or restrain, the power of others
checks and balances
47%
a legislature consisting of two parts, or houses
bi-cameral
46.5%
a detailed, written plan for the government
constitution
46.1%
the branch of government that interprets laws
judicial branch
40.7%
a group of people named by each state legislature to select the president and vice president
electoral college
39.6%
the lawmaking branch of government
legislative branch
39.4%
a form of democracy in which people vote firsthand
direct democracy
38.6%
the branch of government that carries out laws
executive branch
38.1%
to change
amend
37.7%
Defenition
Answer
% Correct
a group of people that makes laws
legislature
34.3%
a representative to a meeting
delegate
26.5%
a government in which citizens choose a smaller group to govern on their behalf
representative democracy
24.1%
a system of government in which two parties compete for power
two-party system
22.6%
self-
reliance and freedom from outside control
independence
22%
political principle providing that a majority of the members of a community has the power to make laws building upon all the people
majority rule
19.2%
principle that the law applies to everyone, even those who govern
rule of law
17.5%
the study of rights and duties of citizens
civics
16.4%
each individual part of political party’s platform
plank
11.9%
an association of rulers with broad common interests who want to influence or control decision making in government by electing the party’s candidates to the public office
political party
11.9%
to vote approval of
ratify
10.6%
the split authority amount the legislative, executive and judicial branches
seperation of powers
7.6%
the nation that power lies with the people
popular sovereignty
7.1%
the coarse of action the government takes in response to an issue or problem
public policy
4.7%
the British legislature
parilamant
2.1%
Quiz Playlist
Details
Report
Send in Message
Add To Playlist
Classic:
Type in answers that appear in a list
Forced Order:
Answers have to be entered in order
Random Order:
Randomize order of answers
Last Updated: Feb 16, 2017
Quiz Scoreboard
CHALLENGE
Sign Up to Join the Scoreboard
Show All
Scores
Hide
Comments
May contain spoilers
Recently Published
5x2 Blitz: Bands
by SL_Kpop136
Music
30s
Colored Red Africa Blitz
by spor1
Geography
30s
Find the 'City' Movie
by crazypaving
Movies
60s
More to Explore
Quiz From the Vault
Featured Blog Post
14 Easter Pick-up Lines to Find Eggs With
hide this ad
You Might Also Like...
Tags
Politics Quiz
Vocabulary Quiz
Political Science
Today's Top Quizzes in History
Browse History
hide this ad
Today's Top Quizzes in Politics
Browse Politics
Top Contributed Quizzes in History
1
Popular People in 1991
2
US National Parks Named After People
3
Popular People in 1951
4
Popular People in 1941
5
Order Up: 1000 Years of World Events I
6
I Am Born On March 29th
7
Popular People in 1921
8
Popular People in 1981
9
Popular People in 1986
10
Popular People in 1976
Explore More
Trending Topics
Harry Potter
Crossword
Disney
Kpop
Anime
Marvel
NBA
Puzzle
NFL
Soccer
Country
Pokémon
Song
WWE
The Office
hide this ad
More By:
bermstien
Quiz
Plays
Rating
Category
Featured
Created
101 Elements (Element given)
594
1.67
Science
Oct 29, 2011
Political Science Vocabulary
536
1.00
History
Feb 10, 2010
Latin Vocabulary Chapter 16 and 17
16
Miscellaneous
Jan 6, 2010
Go to Creator's Profile
Score Distribution
Quiz Creator Spotlight
bermstien
Follow
Send a Message
Quizzes Created
-
Created Quiz Play Count
-
More By This Creator
Popular Quizzes Today
1
Colored Red Africa Blitz
2
Find the 'City' Movie
3
5x2 Blitz: Bands
4
Find the US States - No Outlines Minefield
5
The Countries of the World
6
Find the US States
7
US States
8
Find the Countries of Europe - No Outlines Minefield
More History Quizzes
US Presidential Runners-Up by Picture
Published
Trending Quizzes
Colored Red Europe Blitz I
Colored Red Europe Blitz II
Colored Red Africa Blitz II
Colored Red Europe Blitz III
Colored Red Africa Blitz III
Recently Updated
How Do You Spell That?
pecheneg
Godzilla Movies
pecheneg
Grab Bag: 4-10 Letters
pecheneg
2024 March Madness Bracket
pecheneg
Famous TV Couples
Peacemaker
Champions League XIs: Real Madrid
pecheneg
Largest US Cities 1790-2010
pecheneg
Rides in Walt Disney World
pecheneg
Most Oscar Losses (Acting)
pecheneg
Beyoncé Albums
pecheneg
Trending Topics
Crossword
Kpop
Marvel
Anime
NBA
Harry Potter
Disney
Song
Soccer
Pokémon
The Office
Country
WWE
NFL
Puzzle
Your Account Isn't Verified!
In order to create a playlist on Sporcle, you need to verify the email address you used during registration. Go to your
Sporcle Settings
to finish the process.
Report this User
Report this user for behavior that violates our
Community Guidelines
.
Details:
Send Report
Go to the Sporcle.com Mobile Site →
Comments